| 000 | 01052nam a22003137a 4500 | ||
|---|---|---|---|
| 003 | CHAP | ||
| 005 | 20220817042334.0 | ||
| 008 | 971013s1985 r 00010 d | ||
| 010 | _a41366 | ||
| 011 | _a42338 | ||
| 035 | _a46467 | ||
| 040 | _cCHAP | ||
| 082 |
_a631.21 _bF6 |
||
| 110 | _aFood and Fertilizer Technology Center for the Asian and Pacific Region | ||
| 245 | _aApplied agricultural research for small farms in Asia | ||
| 260 |
_aTaipei : _bThe Center, _c1985 |
||
| 300 |
_a166 p. _b: ilus. |
||
| 590 |
_aBATCH-UPD _b10 _c20130110 _lUCH01 _h0001 |
||
| 590 |
_aBATCH-UPD _b10 _c20130110 _lUCH01 _h2040 |
||
| 590 |
_aBATCH-UPD _b10 _c20130410 _lUCH01 _h1354 |
||
| 590 |
_aCONVERSION _b10 _c20130109 _lUCH01 _h1323 |
||
| 650 | 1 | 4 |
_aAgricultura _xAsia. _91194 |
| 650 | 1 | 4 |
_aAgricultura _xInvestigacion _xAsia. _91582 |
| 650 | 1 | 4 |
_aGranjas _xAsia. _950389 |
| 901 | _aBK | ||
| 942 | _cLIBRO | ||
| 949 |
_a631.21 F6 _bBC _cLIBRO _d33724000056610 _eLIBRO _fc.2 _h73363 _i46467 _si |
||
| 949 |
_a631.21 F6 _bBC _cLIBRO _d33724000056628 _eLIBRO _h68958 _i46467 _mD _si |
||
| 999 |
_c41366 _d41366 |
||